000 00664nam a22001937a 4500
005 20251108163347.0
008 250721s1988 xx 000 0 ara d
082 1 4 _a216,24/ابر
100 1 _aالإبراهيم، محمد عقلة
245 1 0 _aالدلالات الأصلية و المعاصرة للوثائق و الرسل المتعلقة بالزكاة في العهدين النبوي و الراشدي /
264 1 _aعمان :
_bمكتبة الرسالة الحديثة،
_c1988.
300 _a143ص
650 1 7 _aالزكاة
650 1 7 _aالإسلام
650 1 7 _aالفقه
650 1 7 _aالعبادة
942 _2ddc
_cBK
999 _c733
_d733